[Event "4NCL Online Division 5"]
[Site "online"]
[Date "2021.03.23"]
[EventDate "2021.03.23"]
[Round "5.124"]
[White "Burnett, John"]
[WhiteElo "1191"]
[WhiteTeam "Bishop Knights"]
[Black "Banks, Stephen"]
[BlackElo "1422"]
[BlackTeam "Enfield 1"]
[Result "0-1"]
[PlyCount "150"]

1. c4 e6 2. Nc3 Nf6 3. g3 c6 4. Nf3 h6 5. Bg2 d5 6. cxd5 exd5 7. d4 Bd6 8. O-O Be6 9. Ne5 Bxe5 10. dxe5 Nfd7 11. f4 Bg4 12. Bf3 Bh3 13. Bg2 Bxg2 14. Kxg2 Nb6 15. b3 N8d7 16. Ba3 Nf8 17. e3 Ne6 18. Ne2 Qd7 19. Rc1 Rc8 20. Bd6 h5 21. h4 g6 22. a4 Ng7 23. Nd4 Nf5 24. Nxf5 Qxf5 25. Qd4 Qe6 26. Bc5 Nd7 27. Bxa7 O-O 28. Bc5 Rfe8 29. a5 Ra8 30. b4 Rec8 31. Kh2 Kh7 32. Rc2 Qf5 33. Rff2 Qe6 34. Qd3 Kg7 35. Qd4 Qf5 36. e6+ Nf6 37. exf7 Kxf7 38. Qe5 Ng4+ 39. Kg2 Nxe5 40. fxe5 Qxf2+ 41. Kxf2 Ke6 42. Bd4 Rc7 43. Kg2 Rf7 44. Rf2 Rxf2+ 45. Kxf2 Rf8+ 46. Kg2 Kf5 47. Bc5 Rc8 48. Bd4 Kg4 49. Bc5 Kf5 50. Bd4 Ke4 51. e6 Re8 52. Kh3 Rxe6 53. g4 hxg4+ 54. Kxg4 Re8 55. Kg5 Rg8 56. Kf6 Rh8 57. Kg5 Rh5+ 58. Kg4 Rf5 59. Bc5 Rf1 60. Kg5 Rg1+ 61. Kf6 Rg4 62. Bd4 Rxh4 63. Kxg6 Rh1 64. Kf6 Rd1 65. Bc5 Rd3 66. Ke6 Rxe3 67. Bxe3 Kxe3 68. Kd6 d4 69. Kc5 d3 70. Kb6 d2 71. Kxb7 d1=Q 72. a6 Qa4 73. a7 Qb5+ 74. Kc7 Qa6 75. Kb8 Qb6+ 0-1

[Event "4NCL Online Division 5"]
[Site "online"]
[Date "2021.03.23"]
[EventDate "2021.03.23"]
[Round "5.131"]
[White "Willoughby, Christopher"]
[WhiteElo "1727"]
[WhiteTeam "Brentwood B"]
[Black "Davis, Cameron"]
[BlackElo "1589"]
[BlackTeam "Stroud Middles"]
[Result "0-1"]
[PlyCount "82"]

1. e4 c5 2. Nf3 Nc6 3. d4 cxd4 4. Nxd4 g6 5. Be3 Nf6 6. Bd3 Bg7 7. O-O d5 8. exd5 Nxd5 9. c3 Nxe3 10. fxe3 O-O 11. Nd2 e5 12. Nxc6 Qxd3 13. Ne7+ Kh8 14. Qe1 Be6 15. e4 Qd7 16. Nd5 Bxd5 17. exd5 Qxd5 18. Nb3 Rad8 19. Qe2 Qd3 20. Qf2 b6 21. a4 Qd5 22. Qc2 f5 23. a5 b5 24. Rfd1 Qc4 25. a6 Qc7 26. Re1 e4 27. Qf2 b4 28. Qc5 Qb8 29. Na5 bxc3 30. bxc3 Rc8 31. Qd5 Bxc3 32. Reb1 Qc7 33. Ra2 Qc5+ 34. Qxc5 Rxc5 35. Nb7 Rd5 36. Rc2 Bd4+ 37. Kf1 Bb6 38. Rbc1 Rf7 39. Rc6 Rfd7 40. Ke1 Be3 41. Rc7 Bxc1 0-1

[Event "4NCL Online Division 5"]
[Site "online"]
[Date "2021.03.23"]
[EventDate "2021.03.23"]
[Round "5.132"]
[White "Killey, Ainsley"]
[WhiteElo "1606"]
[WhiteTeam "Stroud Middles"]
[Black "Molostvov, Dmitry M"]
[BlackElo "1749"]
[BlackTeam "Brentwood B"]
[Result "1/2-1/2"]
[PlyCount "93"]

1. e4 c5 2. Nf3 Nc6 3. Bb5 g6 4. O-O Bg7 5. c3 d6 6. h3 Nf6 7. Re1 O-O 8. d4 cxd4 9. cxd4 e5 10. Bxc6 bxc6 11. dxe5 dxe5 12. Qxd8 Rxd8 13. Nxe5 Nxe4 14. Nxc6 Re8 15. Nc3 Bxc3 16. bxc3 Bd7 17. Nd4 Nxc3 18. Be3 Rab8 19. Nb3 Nd5 20. Rad1 Bc6 21. Bd4 Rxe1+ 22. Rxe1 Re8 23. Rxe8+ Bxe8 24. Bxa7 f5 25. Bc5 Kf7 26. f3 Nc3 27. a3 Ke6 28. Kf2 Kd5 29. Bb4 Ba4 30. Nc5 Bb5 31. Bxc3 Kxc5 32. g4 fxg4 33. hxg4 Kc4 34. Bb4 Kd4 35. Kg3 Ke3 36. Bc5+ Kd3 37. g5 Kc4 38. Bb4 Kd4 39. Kf4 Kd5 40. Ke3 Ke6 41. Kf4 Bc6 42. Bc3 Kd5 43. Ke3 Kc4 44. Bb4 Kd5 45. Bc3 Kc4 46. Bb4 Kd5 47. Bc3 1/2-1/2

[Event "4NCL Online Division 5"]
[Site "online"]
[Date "2021.03.23"]
[EventDate "2021.03.23"]
[Round "5.133"]
[White "Pert, Max"]
[WhiteElo "1671"]
[WhiteTeam "Brentwood B"]
[Black "Sarpotdar, Angad"]
[BlackElo "1448"]
[BlackTeam "Stroud Middles"]
[Result "0-1"]
[PlyCount "136"]

1. d4 f5 2. Bg5 Nf6 3. Bxf6 exf6 4. e3 Be7 5. Bc4 d5 6. Bb3 O-O 7. c4 c6 8. Ne2 Kh8 9. Nbc3 dxc4 10. Bxc4 Nd7 11. Nf4 Nb6 12. Be6 Qd6 13. Bb3 g6 14. h4 Kg7 15. h5 g5 16. Ng6 hxg6 17. hxg6 g4 18. Bc2 Rh8 19. Rxh8 Kxh8 20. Qe2 Be6 21. O-O-O Kg7 22. e4 fxe4 23. Nxe4 Qf4+ 24. Kb1 Bf5 25. Ng3 Bxc2+ 26. Kxc2 Kxg6 27. Qxe7 Qxf2+ 28. Ne2 Qxg2 29. Rg1 Qf3 30. Kc1 Nd5 31. Qe6 Kg5 32. Kd2 Nf4 33. Nxf4 Qxf4+ 34. Kc3 Rd8 35. Rd1 Qf3+ 36. Rd3 Qf4 37. Qe7 Rg8 38. Qxb7 a5 39. Qf7 Qc1+ 40. Kb3 Rb8+ 41. Ka4 Qc2+ 42. Rb3 Rb4+ 43. Kxa5 Rxb3 44. axb3 Qd2+ 45. Kb6 Qxd4+ 46. Kxc6 Qe4+ 47. Kc5 g3 48. Qg8+ Qg6 49. Qb8 Qc2+ 50. Kb4 Qe4+ 51. Ka3 Qe7+ 52. Ka2 Qe5 53. Qg8+ Kf4 54. Qc4+ Qe4 55. Qf1+ Kg4 56. Qd1+ Qf3 57. Qd4+ Kh3 58. Qd7+ f5 59. Qh7+ Kg2 60. Qh6 Qa8+ 61. Kb1 Qe4+ 62. Ka2 f4 63. Qd6 f3 64. Qd2+ f2 65. b4 Qc6 66. b3 Kh2 67. Qd1 g2 68. Qh5+ Kg1 0-1

[Event "4NCL Online Division 5"]
[Site "online"]
[Date "2021.03.23"]
[EventDate "2021.03.23"]
[Round "5.134"]
[White "Southcott, Vince"]
[WhiteElo "1361"]
[WhiteTeam "Stroud Middles"]
[Black "Willoughby, Charlotte"]
[BlackElo "1667"]
[BlackTeam "Brentwood B"]
[Result "0-1"]
[PlyCount "92"]

1. d4 Nf6 2. c4 e5 3. e3 exd4 4. exd4 Bb4+ 5. Nc3 Ne4 6. Qc2 Qe7 7. Be3 O-O 8. Bd3 f5 9. Ne2 Bxc3+ 10. bxc3 d6 11. O-O Nd7 12. f3 Nxc3 13. Qd2 Nxe2+ 14. Bxe2 Re8 15. Bf2 Qxe2 16. Qxe2 Rxe2 17. Rfe1 Rxe1+ 18. Rxe1 Kf7 19. Bh4 Nf6 20. c5 dxc5 21. dxc5 Be6 22. Rb1 b6 23. cxb6 cxb6 24. a3 Rc8 25. Bg3 Rc3 26. Bd6 Bc4 27. Re1 Nd5 28. h3 Rc2 29. Kh2 Re2 30. Rc1 b5 31. a4 a6 32. axb5 axb5 33. Ra1 Kg6 34. Ra7 Ra2 35. Rb7 Ne3 36. Bf8 Rxg2+ 37. Kh1 Kf6 38. Bc5 Re2 39. Bd4+ Ke6 40. Bc5 Kd5 41. Bf8 Kc6 42. Rxg7 Bd5 43. Rxh7 Bxf3+ 44. Kg1 Rg2+ 45. Kh1 Rg7+ 46. Kh2 Nf1# 0-1

[Event "4NCL Online Division 5"]
[Site "online"]
[Date "2021.03.23"]
[EventDate "2021.03.23"]
[Round "5.141"]
[White "Smith, Richard"]
[WhiteElo "1462"]
[WhiteTeam "Uxbridge Destroyers"]
[Black "Adriel, Au"]
[BlackElo "1506"]
[BlackTeam "Kent KJCA Kestrels E"]
[Result "0-1"]
[PlyCount "98"]

1. c4 c6 2. e4 d5 3. cxd5 cxd5 4. exd5 Nf6 5. Nc3 Nxd5 6. Nf3 e6 7. d4 Nxc3 8. bxc3 Qc7 9. Bb2 Bd6 10. Bd3 O-O 11. Qc2 h6 12. O-O Nd7 13. Kh1 b6 14. Be4 Bb7 15. Bxb7 Qxb7 16. Qd2 Nf6 17. h3 Rac8 18. Ne5 Rfd8 19. Qe2 Nd5 20. Qf3 Bxe5 21. dxe5 Qc7 22. Rfe1 Qe7 23. Rac1 Rc4 24. Re4 Rdc8 25. Rxc4 Rxc4 26. g3 Qc7 27. Qh5 Nxc3 28. Rxc3 Rxc3 29. Bxc3 Qxc3 30. Qe2 Qa5 31. Kh2 g6 32. f4 Kg7 33. h4 h5 34. Kh3 Qd5 35. Qg2 b5 36. Qxd5 exd5 37. Kg2 f6 38. Kf3 fxe5 39. fxe5 Kf7 40. Ke3 Ke6 41. Kd4 a5 42. Kc5 b4 43. Kb5 Kxe5 44. Kxa5 Ke4 45. Kxb4 d4 46. a4 d3 47. a5 d2 48. a6 d1=Q 49. a7 Qd4+ 0-1

[Event "4NCL Online Division 5"]
[Site "online"]
[Date "2021.03.23"]
[EventDate "2021.03.23"]
[Round "5.142"]
[White "Sagar, Aneesh"]
[WhiteElo "1516"]
[WhiteTeam "Kent KJCA Kestrels E"]
[Black "Suyash Srikanta Prasad"]
[BlackElo "1347"]
[BlackTeam "Uxbridge Destroyers"]
[Result "0-1"]
[PlyCount "52"]

1. e4 c5 2. Nf3 d6 3. Bb5+ Bd7 4. Bxd7+ Nxd7 5. O-O Ngf6 6. Re1 g6 7. Nc3 Bg7 8. d3 O-O 9. Be3 a6 10. Qd2 b5 11. Ne2 b4 12. Ng3 a5 13. h3 a4 14. Nh2 Qc7 15. f4 e6 16. Nf3 Nb6 17. Kf2 d5 18. e5 Nfd7 19. d4 Nc4 20. Qc1 Rfc8 21. b3 Nxe3 22. Kxe3 cxd4+ 23. Nxd4 Qc3+ 24. Ke2 Qxd4 25. bxa4 Qc3 26. Qd2 Qxg3 0-1

[Event "4NCL Online Division 5"]
[Site "online"]
[Date "2021.03.23"]
[EventDate "2021.03.23"]
[Round "5.143"]
[White "Hasan, Abu"]
[WhiteElo "1376"]
[WhiteTeam "Uxbridge Destroyers"]
[Black "Langley, Anthony M"]
[BlackElo "1503"]
[BlackTeam "Kent KJCA Kestrels E"]
[Result "1-0"]
[PlyCount "83"]

1. e4 e5 2. d4 Qf6 3. Nf3 exd4 4. Qxd4 Nc6 5. Qxf6 Nxf6 6. Bg5 Nxe4 7. Be3 Bd6 8. Bd3 Nf6 9. Nc3 a6 10. Bg5 O-O 11. Bxf6 gxf6 12. O-O-O Ne5 13. Be4 Nxf3 14. gxf3 Bf4+ 15. Kb1 c6 16. Rhg1+ Kh8 17. Rg4 Be5 18. Rh4 f5 19. Bxf5 Kg7 20. Ne4 Rh8 21. f4 Bc7 22. Rg1+ Kf8 23. Nf6 Ke7 24. Nxh7 d5 25. Re1+ Kd6 26. Bd3 Kc5 27. a3 Bxf4 28. Rxf4 Rxh7 29. Bxh7 Be6 30. b4+ Kd6 31. Bf5 Re8 32. Bxe6 fxe6 33. h4 b6 34. h5 c5 35. h6 cxb4 36. Rxb4 Kc5 37. Rg4 e5 38. h7 Rh8 39. Rg7 e4 40. Reg1 a5 41. Rc7+ Kd4 42. Rg8 1-0

[Event "4NCL Online Division 5"]
[Site "online"]
[Date "2021.03.23"]
[EventDate "2021.03.23"]
[Round "5.144"]
[White "Mann, Lev"]
[WhiteElo "1496"]
[WhiteTeam "Kent KJCA Kestrels E"]
[Black "Martellotta, Gabriele"]
[BlackElo "1352"]
[BlackTeam "Uxbridge Destroyers"]
[Result "1-0"]
[PlyCount "99"]

1. e4 e5 2. Nf3 Nf6 3. Nxe5 d6 4. Nf3 Nxe4 5. d4 Be7 6. Bd3 d5 7. O-O O-O 8. c4 c5 9. cxd5 Qxd5 10. Bxe4 Qxe4 11. Re1 Qg6 12. Rxe7 Bh3 13. Nh4 Qf6 14. Re4 Be6 15. d5 Rd8 16. Qa4 Bd7 17. Qc2 Na6 18. a3 Rac8 19. Nf3 h6 20. Nc3 Bf5 21. Be3 Bxe4 22. Qxe4 b6 23. Bf4 Nc7 24. Bxc7 Rxc7 25. Re1 Kf8 26. Qe5 Re7 27. Qxf6 gxf6 28. Kf1 a6 29. Na4 b5 30. Nxc5 a5 31. Rd1 Rd6 32. Nb3 Ra7 33. Rd4 Ke7 34. Ke2 Kd8 35. Re4 a4 36. Nbd4 Rc7 37. Nc6+ Kc8 38. Re8+ Kb7 39. Rb8+ Ka6 40. Nb4+ Ka7 41. Rxb5 Re7+ 42. Kd3 f5 43. Nc6+ Ka6 44. Ra5+ Kb6 45. Nxe7 Kxa5 46. Nxf5 Rxd5+ 47. Ke4 Rb5 48. Nd6 Rxb2 49. Nc4+ Kb5 50. Nxb2 1-0

[Event "4NCL Online Division 5"]
[Site "online"]
[Date "2021.03.23"]
[EventDate "2021.03.23"]
[Round "5.151"]
[White "Bromilow, Edward T"]
[WhiteElo "1885"]
[WhiteTeam "Ashfield Anonymous C"]
[Black "Smith, Mark"]
[BlackElo "1751"]
[BlackTeam "Shropshire 4"]
[Result "1/2-1/2"]
[PlyCount "64"]

1. e4 e5 2. Nf3 Nc6 3. Nc3 Nf6 4. d4 exd4 5. Nxd4 Bb4 6. Nxc6 bxc6 7. Bd3 d5 8. exd5 cxd5 9. O-O O-O 10. Bg5 Be6 11. Qf3 c6 12. Bxf6 Qxf6 13. Qxf6 gxf6 14. Ne2 Bd6 15. f4 Rab8 16. b3 Kh8 17. Kh1 Rg8 18. Nd4 c5 19. Nf5 Bf8 20. Rab1 Bd7 21. c4 Bc6 22. Rb2 d4 23. Re2 Re8 24. Rff2 Re6 25. Kg1 Bd7 26. Kf1 Rxe2 27. Rxe2 Bxf5 28. Bxf5 Bd6 29. g3 h5 30. Kf2 h4 31. Kf3 hxg3 32. hxg3 Kg7 1/2-1/2

[Event "4NCL Online Division 5"]
[Site "online"]
[Date "2021.03.23"]
[EventDate "2021.03.23"]
[Round "5.152"]
[White "Podlesak, Mark"]
[WhiteElo "1749"]
[WhiteTeam "Shropshire 4"]
[Black "Morgan, Philip D"]
[BlackElo "1821"]
[BlackTeam "Ashfield Anonymous C"]
[Result "1-0"]
[PlyCount "99"]

1. d4 d5 2. Nf3 Nf6 3. e3 Bf5 4. c4 c6 5. Nc3 e6 6. Bd3 Bxd3 7. Qxd3 Nbd7 8. O-O Bd6 9. e4 dxe4 10. Nxe4 Nxe4 11. Qxe4 Nf6 12. Qc2 O-O 13. Re1 h6 14. Bd2 Re8 15. h3 Rc8 16. Qa4 a6 17. b4 Ra8 18. Qc2 Rc8 19. a4 Qc7 20. Ne5 Bf8 21. Rad1 b5 22. c5 Qb7 23. Ra1 Ra8 24. Re3 Red8 25. Qd3 Nd7 26. Ng4 g6 27. Rf3 h5 28. Nf6+ Nxf6 29. Rxf6 Bg7 30. Rf4 e5 31. Re4 exd4 32. a5 Qd7 33. Rae1 Re8 34. Bf4 Rxe4 35. Qxe4 d3 36. Bd2 Kf8 37. Qf3 Re8 38. Rxe8+ Kxe8 39. Qg3 Bf6 40. Qb8+ Ke7 41. Qa8 Qe6 42. Qxa6 Bd4 43. Qb7+ Kf6 44. a6 Bxf2+ 45. Kh1 Be3 46. Bc3+ Kg5 47. a7 Qf5 48. Qe7+ Kh6 49. Qxe3+ Kh7 50. a8=Q 1-0

[Event "4NCL Online Division 5"]
[Site "online"]
[Date "2021.03.23"]
[EventDate "2021.03.23"]
[Round "5.153"]
[White "Pettinger, Martin"]
[WhiteElo "1730"]
[WhiteTeam "Ashfield Anonymous C"]
[Black "Lockett, Daniel"]
[BlackElo "1743"]
[BlackTeam "Shropshire 4"]
[Result "1-0"]
[PlyCount "61"]

1. e4 g6 2. d4 d6 3. Nc3 Bg7 4. Be3 Nf6 5. Qd2 a6 6. Bh6 Bxh6 7. Qxh6 Nc6 8. O-O-O e5 9. dxe5 Nxe5 10. h3 Bd7 11. f4 Nc6 12. e5 dxe5 13. fxe5 Nh5 14. Nge2 Qe7 15. g4 O-O-O 16. gxh5 Bf5 17. Bg2 Nb4 18. Nd4 Qxe5 19. Nxf5 Qxf5 20. Rd2 Rd6 21. Rf1 Rxd2 22. Qxd2 Qxh5 23. Rxf7 Qa5 24. a3 Nc6 25. Bxc6 bxc6 26. Qd7+ Kb8 27. Qxc6 Qg5+ 28. Kb1 Qg1+ 29. Ka2 Qg3 30. Ne4 Qe5 31. Nc5 1-0

[Event "4NCL Online Division 5"]
[Site "online"]
[Date "2021.03.23"]
[EventDate "2021.03.23"]
[Round "5.154"]
[White "Walker, Kate"]
[WhiteElo "1677"]
[WhiteTeam "Shropshire 4"]
[Black "Graham, Neil"]
[BlackElo "1776"]
[BlackTeam "Ashfield Anonymous C"]
[Result "1/2-1/2"]
[PlyCount "48"]

1. d4 Nf6 2. c4 e5 3. dxe5 Ng4 4. Qd4 d6 5. Nf3 Nc6 6. Qd1 Ngxe5 7. Nxe5 Nxe5 8. e4 Be6 9. Nc3 Be7 10. Be2 O-O 11. b3 f5 12. exf5 Bxf5 13. O-O Bf6 14. Bb2 c6 15. Qd2 Qc7 16. f4 Ng4 17. h3 Qb6+ 18. Kh1 Nf2+ 19. Kh2 Ne4 20. Nxe4 Bxb2 21. Qxb2 Bxe4 22. Rad1 d5 23. Rd4 Qc7 24. cxd5 Bxd5 1/2-1/2

[Event "4NCL Online Division 5"]
[Site "online"]
[Date "2021.03.23"]
[EventDate "2021.03.23"]
[Round "5.161"]
[White "Duncanson, Henry G"]
[WhiteElo "2177"]
[WhiteTeam "Broadland Falco Duboisi"]
[Black "Gregory, Sam"]
[BlackElo "1931"]
[BlackTeam "Dundee City B"]
[Result "1/2-1/2"]
[PlyCount "127"]

1. d4 Nf6 2. Nf3 e6 3. g3 b5 4. Bg2 Bb7 5. O-O c5 6. a4 b4 7. Nbd2 cxd4 8. Nb3 Be7 9. Bd2 O-O 10. a5 a6 11. Nbxd4 Qc7 12. Qe1 Nc6 13. Nxc6 Bxc6 14. Bxb4 Bxb4 15. Qxb4 Rab8 16. Qc3 Qb7 17. b3 Rfc8 18. Qd4 Be4 19. c4 d5 20. Rfc1 Qa8 21. Rc3 Rb4 22. Rac1 Rcb8 23. Qc5 h6 24. cxd5 Bxd5 25. Qxb4 Rxb4 26. Rc8+ Qxc8 27. Rxc8+ Kh7 28. Ne5 Bxb3 29. Nxf7 Rb5 30. f4 Kg6 31. Ne5+ Kh7 32. Nc6 Rc5 33. Bf3 Bd5 34. Ne7 Rxa5 35. Nxd5 exd5 36. Kf2 Ra4 37. Rd8 d4 38. h3 a5 39. Ke1 Rb4 40. Ra8 a4 41. g4 d3 42. e3 Nd7 43. Ra5 Nb6 44. Ra7 Nc4 45. Be4+ Kg8 46. Bxd3 Nxe3 47. Bg6 Rxf4 48. Ra8+ Rf8 49. Bh7+ Kf7 50. Ra7+ Kf6 51. Rxa4 Kg5 52. Ra7 g6 53. Ke2 Ng2 54. Ra6 Nf4+ 55. Ke3 Re8+ 56. Kf3 Ne6 57. Kg3 Kf6 58. h4 Kg7 59. Ra7+ Kf6 60. h5 gxh5 61. gxh5 Re7 62. Rxe7 Kxe7 63. Kg4 Kf6 64. Bg6 1/2-1/2

[Event "4NCL Online Division 5"]
[Site "online"]
[Date "2021.03.23"]
[EventDate "2021.03.23"]
[Round "5.162"]
[White "Borwell, Alan P"]
[WhiteElo "1950"]
[WhiteTeam "Dundee City B"]
[Black "Frean, Daniel J"]
[BlackElo "2065"]
[BlackTeam "Broadland Falco Duboisi"]
[Result "1/2-1/2"]
[PlyCount "106"]

1. e4 d6 2. d4 Nf6 3. Nc3 e5 4. Nf3 Nbd7 5. Bc4 Be7 6. O-O O-O 7. a4 c6 8. Re1 b6 9. b3 Bb7 10. Bb2 a6 11. Bd3 Re8 12. Ne2 Bf8 13. Ng3 g6 14. Qd2 Qc7 15. h4 h5 16. c4 Bg7 17. Rac1 exd4 18. Bxd4 Ne5 19. Ng5 c5 20. Bc3 Nh7 21. f4 Nxd3 22. Qxd3 Bxc3 23. Qxc3 Nxg5 24. fxg5 Re6 25. Rcd1 Rae8 26. Qd3 Qe7 27. Rd2 Bxe4 28. Nxe4 Rxe4 29. Rxe4 Qxe4 30. Qxe4 Rxe4 31. Rxd6 b5 32. cxb5 axb5 33. a5 c4 34. bxc4 bxc4 35. a6 Re1+ 36. Kf2 Ra1 37. Rc6 c3 38. Rxc3 Rxa6 39. g3 f6 40. gxf6 Rxf6+ 41. Rf3 Rb6 42. Re3 Kf7 43. Rc3 Kf6 44. Kf3 Ke5 45. Rc5+ Kd4 46. Rg5 Rf6+ 47. Kg2 Ke4 48. g4 Kf4 49. gxh5 gxh5 50. Rxh5 Kg4 51. Rh8 Rf5 52. h5 Rxh5 53. Rxh5 Kxh5 1/2-1/2

[Event "4NCL Online Division 5"]
[Site "online"]
[Date "2021.03.23"]
[EventDate "2021.03.23"]
[Round "5.163"]
[White "Hughes, Roy"]
[WhiteElo "2029"]
[WhiteTeam "Broadland Falco Duboisi"]
[Black "Babin, Andre"]
[BlackElo "1829"]
[BlackTeam "Dundee City B"]
[Result "0-1"]
[PlyCount "112"]

1. d4 c5 2. c3 d5 3. Nf3 Nc6 4. e3 Nf6 5. Bd3 Bg4 6. O-O e6 7. Nbd2 cxd4 8. exd4 Bd6 9. Re1 a6 10. h3 Bh5 11. a4 Rb8 12. b4 Bg6 13. Nb3 O-O 14. Nc5 a5 15. b5 Ne7 16. Ne5 b6 17. Bxg6 hxg6 18. Ncd3 Rc8 19. Bb2 Bxe5 20. Nxe5 Ne4 21. c4 f6 22. Ng4 Rxc4 23. f3 Nd6 24. Rxe6 Nef5 25. Ra3 Re8 26. Rxe8+ Qxe8 27. Rd3 Rc7 28. Bc3 Nc4 29. Qc1 Ng3 30. Kf2 Qe2+ 31. Kxg3 Qxd3 32. Qf4 Rc8 33. Be1 Qe2 34. Bf2 Qe6 35. h4 Qd6 36. Qxd6 Nxd6 37. Ne3 Nf5+ 38. Nxf5 gxf5 39. Kf4 Rc4 40. Kxf5 Kf7 41. h5 Rxa4 42. g4 Ra2 43. Be3 a4 44. f4 Re2 45. Bc1 Rc2 46. Ba3 Rc3 47. Bb2 Rb3 48. Ba1 a3 49. g5 fxg5 50. fxg5 Rb1 51. Bc3 a2 52. h6 gxh6 53. gxh6 a1=Q 54. Bxa1 Rxa1 55. Ke5 Ke7 56. Kxd5 Kd7 0-1

[Event "4NCL Online Division 5"]
[Site "online"]
[Date "2021.03.23"]
[EventDate "2021.03.23"]
[Round "5.164"]
[White "Dawson, Euan"]
[WhiteElo "1833"]
[WhiteTeam "Dundee City B"]
[Black "Saravanan, Karthik"]
[BlackElo "1854"]
[BlackTeam "Broadland Falco Duboisi"]
[Result "1-0"]
[PlyCount "65"]

1. e4 c5 2. Nc3 Nc6 3. g3 g6 4. Bg2 Bg7 5. Nge2 d6 6. O-O e6 7. d3 Nge7 8. Be3 Nd4 9. Nf4 Nec6 10. Rb1 O-O 11. Nce2 b5 12. c3 Nxe2+ 13. Nxe2 Qe7 14. Qd2 a5 15. f4 Re8 16. d4 cxd4 17. cxd4 Bb7 18. Rbc1 Rac8 19. Nc3 Ba6 20. Rfd1 a4 21. d5 Na5 22. dxe6 Qxe6 23. Qxd6 Nc4 24. Qxe6 Rxe6 25. Bf2 Nxb2 26. Rd7 Bxc3 27. Rxc3 Rxc3 28. Rd8+ Kg7 29. Bd4+ Kh6 30. Bxc3 Nc4 31. g4 g5 32. f5 Re7 33. Bb4 1-0

[Event "4NCL Online Division 5"]
[Site "online"]
[Date "2021.04.06"]
[EventDate "2021.04.06"]
[Round "6.11"]
[White "Roderick, Andrew"]
[WhiteElo "1828"]
[WhiteTeam "Welwyn Hatfield"]
[Black "Liu, Jason"]
[BlackElo "1361"]
[BlackTeam "BCC Penguins"]
[Result "1-0"]
[PlyCount "101"]

1. e4 b6 2. d4 Bb7 3. Nc3 e6 4. Bd3 Bb4 5. Ne2 Nf6 6. a3 Bxc3+ 7. Nxc3 d5 8. e5 Nfd7 9. Qg4 g6 10. Bg5 Qc8 11. h4 h5 12. Qh3 Rg8 13. Ne2 Ba6 14. Nf4 Bxd3 15. cxd3 Nc6 16. Nxe6 Nf8 17. Nxf8 Qxh3 18. Rxh3 Nxd4 19. Rc1 Kxf8 20. Rxc7 Ne6 21. Rd7 Nxg5 22. hxg5 Kg7 23. Rf3 Rgf8 24. e6 Rae8 25. e7 f6 26. Re3 Rf7 27. gxf6+ Kxf6 28. Rxa7 d4 29. Re4 Rfxe7 30. Raxe7 Rxe7 31. Rxe7 Kxe7 32. a4 Kd6 33. b4 g5 34. f3 Ke5 35. Kf2 h4 36. g3 h3 37. Kg1 b5 38. a5 Kd5 39. Kh2 Kd6 40. Kxh3 Kc6 41. Kg4 Kd6 42. Kxg5 Kd7 43. f4 Kc6 44. f5 Kd7 45. f6 Kc7 46. f7 Kb7 47. f8=Q Ka6 48. Qd6+ Kb7 49. Qb6+ Ka8 50. Qxb5 Ka7 51. a6 1-0

[Event "4NCL Online Division 5"]
[Site "online"]
[Date "2021.04.06"]
[EventDate "2021.04.06"]
[Round "6.12"]
[White "Liu, Benjamin"]
[WhiteElo "896"]
[WhiteTeam "BCC Penguins"]
[Black "Smith, Andrew PE"]
[BlackElo "1727"]
[BlackTeam "Welwyn Hatfield"]
[Result "0-1"]
[PlyCount "40"]

1. d4 e6 2. c4 b6 3. Nc3 Bb7 4. e4 Bb4 5. Bd3 f5 6. exf5 Bxg2 7. Qh5+ Kf8 8. fxe6 dxe6 9. Bg5 Nf6 10. c5 Qxd4 11. Bxf6 Bxc3+ 12. bxc3 Qxf6 13. Bb5 c6 14. Rd1 cxb5 15. cxb6 axb6 16. Qe2 Qxc3+ 17. Rd2 Rxa2 18. Qd1 Qxd2+ 19. Qxd2 Rxd2 20. Kxd2 Bxh1 0-1

[Event "4NCL Online Division 5"]
[Site "online"]
[Date "2021.04.06"]
[EventDate "2021.04.06"]
[Round "6.13"]
[White "Sims, Tony J"]
[WhiteElo "1598"]
[WhiteTeam "Welwyn Hatfield"]
[Black "Bell, Euan"]
[BlackElo "673"]
[BlackTeam "BCC Penguins"]
[Result "1-0"]
[PlyCount "83"]

1. d4 Nf6 2. c4 g6 3. Nc3 Nc6 4. e4 Bg7 5. Bg5 e5 6. d5 Nb4 7. a3 Na6 8. Nf3 d6 9. h3 O-O 10. Qd2 c5 11. Be2 Nc7 12. Nh2 a6 13. Ng4 Rb8 14. Nxf6+ Bxf6 15. Bxf6 Qxf6 16. O-O b5 17. Rab1 bxc4 18. Bxc4 Qh4 19. Qe3 f5 20. f3 fxe4 21. fxe4 Rxf1+ 22. Bxf1 Bd7 23. Qf2 Qxf2+ 24. Kxf2 Rf8+ 25. Kg1 Rb8 26. Bc4 Kg7 27. b3 Bb5 28. Bxb5 Nxb5 29. Nxb5 axb5 30. Kf2 c4 31. bxc4 Rf8+ 32. Ke2 Rc8 33. cxb5 Rc4 34. Rb4 Rc3 35. a4 Rc2+ 36. Kf1 Ra2 37. b6 Rc2 38. b7 Rc1+ 39. Kf2 Rc3 40. b8=Q Rc2+ 41. Kg1 Re2 42. Qxd6 1-0

[Event "4NCL Online Division 5"]
[Site "online"]
[Date "2021.04.06"]
[EventDate "2021.04.06"]
[Round "6.14"]
[White "Florczak, Adam"]
[WhiteElo "720"]
[WhiteTeam "BCC Penguins"]
[Black "Elder, Kidge"]
[BlackElo "1542"]
[BlackTeam "Welwyn Hatfield"]
[Result "0-1"]
[PlyCount "60"]

1. e4 c5 2. Nf3 g6 3. b3 Bg7 4. Nc3 a6 5. Be2 e6 6. d4 cxd4 7. Nxd4 Ne7 8. Ba3 Qc7 9. Bxe7 Qxc3+ 10. Kf1 Kxe7 11. Nf3 Qxa1 12. Qxa1 Bxa1 13. Ke1 Bg7 14. Bd3 b5 15. c4 bxc4 16. Bxc4 Bb7 17. e5 Bxf3 18. gxf3 Bxe5 19. Ke2 d5 20. Bd3 Nc6 21. Rc1 Rhc8 22. Rd1 Nb4 23. a4 Nxd3 24. Rxd3 Rc2+ 25. Ke3 Rac8 26. Rd1 R8c3+ 27. Rd3 d4+ 28. Ke4 Re2+ 29. Re3 Rcxe3+ 30. fxe3 Rxe3# 0-1

[Event "4NCL Online Division 5"]
[Site "online"]
[Date "2021.04.06"]
[EventDate "2021.04.06"]
[Round "6.21"]
[White "Kumar, Sanjit S"]
[WhiteElo "1696"]
[WhiteTeam "KCJS 1"]
[Black "Murphy, Conor E"]
[BlackTitle "FM"]
[BlackElo "2396"]
[BlackTeam "Charlton Cobras A"]
[Result "0-1"]
[PlyCount "56"]

1. e4 e5 2. Nf3 Nc6 3. Bc4 Nf6 4. Ng5 d5 5. exd5 Na5 6. Bb5+ c6 7. dxc6 bxc6 8. Qf3 Be7 9. O-O Bg4 10. Bxc6+ Kf8 11. Bxa8 Bxf3 12. Bxf3 Nd5 13. Ne4 Nc6 14. Nbc3 Nd4 15. Bd1 Nf4 16. d3 h5 17. Bxf4 exf4 18. Ne2 Ne6 19. g3 fxg3 20. fxg3 h4 21. Nf4 Nxf4 22. gxf4 f5 23. Nf2 Qa8 24. Nh3 Bc5+ 25. Rf2 Rh6 26. Kf1 Qh1+ 27. Ng1 Bxf2 28. Kxf2 Qxh2+ 0-1

[Event "4NCL Online Division 5"]
[Site "online"]
[Date "2021.04.06"]
[EventDate "2021.04.06"]
[Round "6.22"]
[White "Clark, Gary M"]
[WhiteElo "2278"]
[WhiteTeam "Charlton Cobras A"]
[Black "Hill-Wood, T Wilfred D"]
[BlackElo "1663"]
[BlackTeam "KCJS 1"]
[Result "1-0"]
[PlyCount "59"]

1. d4 Nf6 2. c4 e5 3. dxe5 Ng4 4. Bf4 Bc5 5. e3 d6 6. exd6 cxd6 7. Nc3 O-O 8. Be2 Nf6 9. a3 a5 10. Nf3 Bg4 11. O-O Nc6 12. h3 Bxf3 13. Bxf3 h6 14. Nb5 Re8 15. Bxd6 Bxd6 16. Qxd6 Qxd6 17. Nxd6 Re7 18. c5 Ne5 19. Bxb7 Rb8 20. c6 Rc7 21. b4 Nxc6 22. Rfc1 axb4 23. axb4 Kf8 24. Bxc6 Rxb4 25. Ra8+ Ke7 26. Nf5+ Ke6 27. Nxg7+ Kd6 28. Nf5+ Ke6 29. Nd4+ Kd6 30. Rd1 1-0

[Event "4NCL Online Division 5"]
[Site "online"]
[Date "2021.04.06"]
[EventDate "2021.04.06"]
[Round "6.23"]
[White "Patel, Sen"]
[WhiteElo "1620"]
[WhiteTeam "KCJS 1"]
[Black "Mayer, Daniel H"]
[BlackElo "2001"]
[BlackTeam "Charlton Cobras A"]
[Result "1-0"]
[PlyCount "61"]

1. e4 e6 2. d4 d5 3. e5 c5 4. c3 Nc6 5. Nf3 Qb6 6. Be2 cxd4 7. cxd4 Nh6 8. Nc3 Nf5 9. Na4 Qa5+ 10. Bd2 Bb4 11. Bc3 Bxc3+ 12. bxc3 b5 13. g4 Nh6 14. Nc5 Qxc3+ 15. Kf1 Qa5 16. Rg1 Qb6 17. Qd3 a6 18. Rc1 Bd7 19. Rg3 Rc8 20. Qe3 Na5 21. Qg5 Rg8 22. Bd3 Qd8 23. h4 f6 24. Qh5+ Kf8 25. exf6 Rxc5 26. fxg7+ Kxg7 27. Rxc5 Nf7 28. Ne5 Nxe5 29. Qxh7+ Kf8 30. dxe5 Qe7 31. Rf3+ 1-0